Voice of Dalit

Detalles Bibliográficos
Nuevo Título:Contemporary voice of Dalit
Formato: Electrónico Revista
Lenguaje:inglés
Publicado: New Delhi, India : MD Publications Pvt Ltd., [2008-2014]
Materias:
Acceso en línea:Full text available from Research Library: 07/01/2010 to 07/31/2014

MARC

LEADER 00000nas a2200000 a 4500
001 ssj0000561931
003 WaSeSS
005 20200512172242.0
006 m d
007 cr n
008 110621d20082014ii fr p s 0 0eng c
010 |a  2011261115 
022 |a 0976-3929  |y 0974-3545 
035 |a (WaSeSS)ssj0000561931 
040 |a HNK  |b eng  |e pn  |c HNK  |d HNK  |d DLC  |d OCLCQ  |d OCLCF  |d OCLCQ  |d TXA  |d VT2  |d UAB  |d WaSeSS 
042 |a pcc 
043 |a a-ii--- 
050 1 4 |a DS422.C3  |b V65 
245 0 0 |a Voice of Dalit  |h [electronic resource]. 
260 |a New Delhi, India :  |b MD Publications Pvt Ltd.,  |c [2008-2014] 
310 |a Semiannual 
362 1 |a Began with: Vol. 1, No. 1 (2008) ; ceased with: Vol. 7, No. 2 (2014). 
506 |a License restrictions may limit access. 
588 |a Description based on: Vol. 1, No. 1 (2008); title from PDF article running title (SAGE Publications, viewed June 8, 2018). 
588 |a Latest issue consulted: Vol. 7, No. 2 (2014) (SAGE Publications, viewed June 8, 2018). 
650 0 |a Dalits  |z India  |x Social life and customs  |v Periodicals. 
650 7 |a Dalits  |x Social life and customs.  |2 fast  |0 (OCoLC)fst00887202 
651 7 |a India.  |2 fast  |0 (OCoLC)fst01210276 
655 0 |a Electronic journals. 
776 0 8 |i Print version:  |t Voice of Dalit  |x 0974-3545  |w (DLC) 2011324986  |w (OCoLC)769724657 
785 0 0 |t Contemporary voice of Dalit  |x 2456-0502  |w (OCoLC)1021265564 
856 4 0 |z Full text available from Research Library: 07/01/2010 to 07/31/2014  |u https://search.proquest.com/publication/506331